00546nam a22001697a 450000500170000001000150001702000260003203500140005803700090007208200100008110000170009124500710010825000060017926000580018527001130024330000200035620250307142933.0 aENG-144004 c300.00a9789386501462 aEN-127536 bDBAD a323.4 aAshifa, K.M. aHuman Rights Awareness and Advocacy Role of Youth/cBy K.M. Ashifa a1 bArchers & Elevators Publishing HouseaBangalorec2018 a131 AGB Lay Out, 6"Cross, Hesaraghatta,Main RoadbBangaloree560090k9164362263marcherselevators@gamail.com a222p.c22cm(pb)